| 000 | 00371nam a2200145Ia 4500 | ||
|---|---|---|---|
| 008 | 230917s9999||||xx |||||||||||||| ||und|| | ||
| 040 |
_e190502 _aMAIN |
||
| 041 | _aEnglish | ||
| 082 | _a004.678 S58I | ||
| 100 | _aSangia, G P | ||
| 245 | 0 | _aInternet and networking maintenance | |
| 260 |
_aNew Delhi _bAtlantic Publishers _c2011 |
||
| 300 | _axv, 439 p. | ||
| 942 | _cBK | ||
| 999 |
_c162767 _d162767 |
||